000 00839nam a2200229Ia 4500
005 20260430150742.0
008 008 250103s9999 xx 000 0 hin d
037 _aTheses
040 _aCRL
040 _bhin
040 _chin
041 _2hin
041 _ahin
084 _qCRL
100 _aविजय, ले.
_9865698
245 0 _aहिन्दी कथा साहित्य में चित्रित शिक्षा एवं शैक्षणिक संस्थानों के स्वरूप का विश्लेषणात्मक अध्ययन
260 _c2022
300 _a331पृ0
700 _aदिल्ली विश्वविद्यालय. कला संकाय. हिन्दी विभाग
942 _cTH
999 _c1850608
_d1850608